Biologie de la Reproduction - Statistiques

Statistiques générales
  • Ce quiz a été pris 41 fois
  • Le résultat moyen est 9 sur 45
Statistiques - réponses
Catégorie Question Réponse % Correct
Déterminisme sexuel Un individu a le potentiel d'exprimer deux sexes différents au cours de sa vie. Hermaphrodisme
58%
Gènes, protéines et hormones Hormone anti-müllerienne, produite par les cellules de Sertoli, elle empêche le développement autonome du canal de Müller. AMH
50%
Reproduction sexuée Fusion d'un gamète mâle et d'un gamète femelle (cytogamie) ET fusion de leur noyaux (caryogamie). Fécondation
50%
Déterminisme sexuel Se dit d'une population qui comprend deux types de mâles (des mâles primaires et des néomâles). Diandrique
42%
Déterminisme sexuel Hermaphrodisme où l'appareil reproducteur mâle arrive à maturité avant le femelle. Les mâles ayant subi une inversion de sexe deviennent des néofemelles ou femelles secondaires. Hermaphrodisme succesif protandre
42%
Déterminisme sexuel Se dit d'une population qui comprend un seul type de mâle (tous des néomâles). Monoandrique
42%
Gènes, protéines et hormones Gène architecte, signal originel de la cascade du déterminisme masculin, porté par le chromosome Y. SRY
42%
Reproduction sexuée Stade final de la folliculogenèse Follicule de Graaf
33%
Autres reproductions Lorsque la descendance de le parthénogenèse est seulement de sexe masculin (qaund femelles = sexe hétéro gamétique). Arrhénotoque
29%
Déterminisme sexuel Les sexes sont distincts, un individu porte un type de gonade et produit un type de gamètes. Gonochorisme
29%
Déterminisme sexuel Production simultanée de spermatozoïdes et d'ovotides. Hermaphrodisme simultané
29%
Reproduction sexuée Expulsion de l'ovocyte secondire des trompes utérines par pression de l'antrum du follicule de Graaf. Ovulation
29%
Déterminisme sexuel Se dit lorsque les gamètes mâles et femelles sont différents (morphologiquement et par leur comportement). Anisogamie
25%
Autres reproductions Lorsque la desendance de la parthénogenèse est composée des deux sexes (quand femelles = sexe hétérogamétique MAIS que l'homozygote non mâle est viable). Deutérotoque
25%
Déterminisme sexuel Hermaphrodisme où l'appareil reproducteur femelle arrive à maturité avant le mâle. Les femelles ayant subi une inversion de sexe deviennent des néomâles ou mâles secondaires. Hermaphrodisme succesif protogyne
25%
Déterminisme sexuel Un individu possède un appareil génital mâle et un appareil génital femelle, tous deux COMPLETS et SEPARES. Hermaphrodisme ségrégué
21%
Autres reproductions Lorsque la descendance de la parthénogenèse est seulement de sexe féminin (quand femelles = sexe homogamétique). Thélytoque
21%
Déterminisme sexuel Mise en place du sexe gonadique sous contrôle génétique pour les espèces sous détermnation génétique du sexe. Détermination sexuelle
17%
Déterminisme sexuel Décalage temporel de la maturité sexuelle mâle et femelle. Dichogamie = Hermaphrodisme successif
17%
Autres reproductions Développement d'un embryon à partir d'un ovocyte non fécondé. Reproduction unisexuée, monoparentale. Parthénogenèse
17%
Reproduction sexuée Digestion par les enzymes de l'acrosome de la zone pellucide. Suite à le fenestration des enveloppes de la tête du spermatzoïde provoquée par un influx de Ca2+. Réaction acrosomique
17%
Reproduction sexuée Suppression du facteur décapacitant au niveau d la glaire cervicale du col de l'utérus. Le spermatozoïde est à nouveau fécondant. Capacitation
13%
Gènes, protéines et hormones Répresseur de l'expression des gènes de masculinistion. DAX1
13%
Déterminisme sexuel Mise en place du sexe gonophorique et du sexe phénotypique. Différenciation sexuelle
13%
Déterminisme sexuel Un individe possède une gonade appelée OVOTESTIS, où coexiste un territoire femelle et un territoire mâle. Les conduits génitaux sont également mixtes. Hermaphrodisme non-ségrégué
13%
Autres reproductions Reproduction typique des hyménoptères eusociaux, où seul les mâles ne sont pas issus d'une fécondation de l'ovocyte 2. Parthénogenèse haploïde
13%
Autres reproductions Reproduction unisexuée sans caryogamie, le spermatozoïde est seulement un déclencheur du développement embryonnaire (donc reproduction clonale BIPARENTALE). Parthénogenèse sperme dépendante = Gynogenèse
13%
Gènes, protéines et hormones Glycoprotéines fixées sur la membrane plasmique de la tête du spermatozoïde. Donne le pouvoir fécondant. RZP3
13%
Gènes, protéines et hormones Facteur de transcription participant à la formation des testicules. SOX9
13%
Gènes, protéines et hormones Protéine de répression de la croissance testiculaire et permettant le d éveloppement des gonades femelles. Wnt-4
13%
Gènes, protéines et hormones Permet formation gonades indifférenciées bipotentielles à partir de la crête génitales. Wt1
13%
Gènes, protéines et hormones Chaîne d'oligosaccharides au niveau de la zone pellucide de l'ovocyte 2. ZP3
13%
Reproduction sexuée Fusion des enveloppes nucléaires des gamètes mâles et femelles. Amphimixie
8%
Reproduction sexuée Pénétration du nucléus mâle et des organistes du spermatozoïde dans le cytoplasme de l'ovocyte 2. Imprégnation
8%
Autres reproductions Reproduction clonale améiotique (seulement des mitoses) ou par endomitose. Pas de phase haploïde. Parthénogenèse apomictique
8%
Autres reproductions Reproduction méiotique (fusion ou duplication pour restaurer la diploïdie). Parthénogenèse automictique
8%
Reproduction sexuée Glycoprotéines fixées sur la membrane plasmique de la tête du spermatozoïde dans l'épididyme. Permet le dialogue, la reconnaissance et la fixation avec l'ovocyte 2. Pouvoir fécondant
8%
Gènes, protéines et hormones Gène de régulation de la spermatogenèse, porté par le chromosome Y. AZF
4%
Gènes, protéines et hormones Homolgue de SRY chez les espèces du système ZZ/ZW (rôle de régulateur du développement mâle). Dmrt1
4%
Autres reproductions Se dit d'une division cellulaire d'une cellule germinale 4n qui donne par méiose des cellules 2n qui deviennent un embryon 2n cloné. Endomitose
4%
Reproduction sexuée Masque le pouvoir fécondant pour le protéger dans les voies génitales femelles. Fourni par l'épididyme, le spermatozoïde est dit en quiescence. Facteur de décapacitation
4%
Gènes, protéines et hormones Gène précurseur du GnRH, gène de régulation de l'ovogenèse et de la différenciation des gonades et des conduits femelles. LHRH
4%
Gènes, protéines et hormones Bloque l'ovocyte 2 en cours de méiose. Levée d'inhibition par décharge de Ca2+. OMI
4%
Gènes, protéines et hormones Testis determining factor, facteur transcriptionnel. TFD
4%
Gènes, protéines et hormones Gène de régulation de l'ovogenèse, porté par le chromosome X. ZFX
0%
Aucun quiz correspondant
Distribution des résultats
% des personnes avec chaque résultat
Percentile par nombre de réponses
Votre historique - résultats
Vous n’avez pas pris ce quiz